Statistics for Literature by Letter - C

Click here to take the quiz!

General Stats

  • This quiz has been taken 12,762 times
    (12,733 since last reset)
  • The average score is 12 of 20

Answer Stats

Hint Answer % Correct
Fairytale heroine who had a glass slipper and fairy godmotherCinderella
99%
Brontë sister or web-creatorCharlotte
90%
Juliet's family nameCapulet
88%
Dickens holiday book featuring ScroogeChristmas Carol, A
87%
Terrible one-eyed giant encountered in the "Odyssey"Cyclops
79%
King Arthur's castleCamelot
76%
Gabriel García Márquez's home countryColombia
73%
Stephen King character who had the world's worst promCarrie
70%
This Joseph Heller novel's title became slang for an unwinnable situationCatch-22
69%
Working-class accent of Elizabeth Doolittle in "Pygmalion"Cockney
66%
Author who created Inspector PoirotAgatha Christie
64%
Ancient editor (and possible author) of many classic Chinese textsConfucius
62%
A pair of lines in poetry, often rhymingCouplet
59%
City to which Chaucer's pilgrims were headedCanterbury
58%
Dostoyevsky's most famous novel - about a murderer and his guilty conscienceCrime and Punishment
58%
In a Mark Twain story, a Yankee from this place is transported to King Arthur's courtConnecticut
43%
Voltaire's most famous work, subtitled "The Optimist"Candide
36%
Terrifying sleeping god created by H.P. LovecraftCthulhu
30%
Author of children's novels such as "Ramona the Pest"Beverly Cleary
21%
He wrote "Ender's Game"Orson Scott Card
20%

Score Distribution

Percentile by Number Answered

Percent of People with Each Score

Your Score History

You have not taken this quiz since the last reset